MARC

LEADER 00000nam0a2200000 4500
001 166508
005 20231101222629.0
010 |a 5120014739 
020 |a RU  |b 91-5373 
035 |a (RuTPU)RU\TPU\book\180618 
090 |a 166508 
100 |a 20091002d1990 k y0rusy5003 ca 
101 0 |a rus 
102 |a UA 
105 |a y z 001zy 
200 1 |a Анализ, оценка и стимулирование эффективности научного потенциала  |f В. В. Иванов, В. Н. Гноевой, Г. В. Монастырская  |g Академия наук Украинской ССР (АН УССР), Институт экономики (ИЭ) 
210 |a Киев  |c Наукова думка  |d 1990 
215 |a 132 с. 
320 |a Библиогр. в примеч.: с. 130-131. 
606 |a Наука  |y В СССР  |2 stltpush  |3 (RuTPU)RU\TPU\subj\45072  |9 64334 
610 1 |a научный потенциал 
610 1 |a СССР 
610 1 |a экономика 
610 1 |a анализ 
610 1 |a оценка 
610 1 |a стимулирование 
686 |a Ч21(2)  |2 rubbk 
700 1 |a Иванов  |b В. В.  |g Виктор Васильевич  |4 070 
701 1 |a Гноевой  |b В. Н.  |g Владимир Николаевич 
701 1 |a Монастырская  |b Г. В.  |g Галина Виленовна 
712 0 2 |a Академия наук Украинской ССР (АН УССР)  |b Институт экономики (ИЭ)  |2 stltpush  |3 (RuTPU)RU\TPU\col\11343 
801 0 |a RU  |b RuMRKP  |c 19950417  |g psbo 
801 1 |a RU  |b 63413507  |c 20091002 
801 2 |a RU  |b 63413507  |c 20180307  |g RCR 
942 |c BK